| 000 | 00982cam a2200277I 4500 | ||
|---|---|---|---|
| 999 |
_c6790 _d6790 |
||
| 001 | 20957 | ||
| 003 | GBCCL | ||
| 005 | 20241126110611.0 | ||
| 008 | 720821s1957 xx 000 0 eng u | ||
| 010 | _a 57013040 | ||
| 020 | _a0802821936 | ||
| 035 | _a(OCoLC)00386410 | ||
| 040 |
_cWSU _dOCL |
||
| 049 |
_aLBBK _aLBBT _aLBBU _aLBBC _c1-2 _aLBBA _c1-2 |
||
| 082 |
_a225.77 _bNEW |
||
| 100 | 1 |
_aSimpson, E. K. _q(Edmund Kidley) _912163 |
|
| 245 | 1 | 0 |
_aCommentary on the Epistles to the Ephesians and the Colossians / _cby E.K. Simpson and F.F. Bruce. |
| 260 |
_aGrand Rapids, Michigan, _bWm. B. Eerdmans _c[1957] |
||
| 300 |
_a328 p. ; _c22 cm. |
||
| 490 | 0 | _aThe New international commentary on the New Testament | |
| 630 | 0 | 0 |
_aBible. _pN.T. _pEphesians _xCommentaries. _98228 |
| 700 | 1 |
_aBruce, F. F. _q(Frederick Fyvie), _d1910- _91999 |
|
| 730 | 0 |
_aBible. _pN.T. _pEphesians. _lEnglish. _f1957. _912176 |
|
| 730 | 0 |
_aBible. _pN.T. _pColossians. _lEnglish. _f1957. _912177 |
|
| 942 |
_2ddc _cREF |
||